=LDR 00000nam 2200000 4500 =001 INLIS000000000016943 =005 20130612112147 =008 ***********************************Ind** =035 ##$$0010-061300000016943 =041 ##$$a Ind =082 ##$$a 92(Bonjoe) =090 ##$$a 92(Bonjoe), Kut t =100 ##$$a Kutoyo, Sutrisno =245 ##$$a Tuanku Imam Bonjol, riwayat hidup dan perjuangannya, Sutrisno Kutoyo =260 ##$$a 2004 $b Jakarta =300 ##$$a 68 hlm, ilus, 21 cm =650 ##$$a Bonjoe, Imam, Tianku, 1772-1864 =850 ##$$a NBPNMAT